000 01109nam0a22002771 4500
001 rc\278090
005 20030307120446.1
035 _a(NLR Aleph) 005501999
090 _a5316845
_c5316845
100 _a20030307d1990 u |0rusy50 ca
101 0 _arus
102 _aRU
105 _aa |||||||||
200 1 _aМетоды определения спектров импульсного рентгеновского излучения
_fВ.К. Ляпидевский, Г.Х. Салахутдинов, Л.Б. Самойлова
210 _aМ.
_cМИФИ
_d1990
215 _a12 с.
_cил.
_d20
225 1 _aПрепринт
_fГос. ком. СССР по нар. образованию. Моск. инж.-физ. ин-т
_v005-90
320 _aБиблиогр.: с. 12
700 1 _aЛяпидевский
_bВ. К.
_gВиктор Константинович
701 1 _aСалахутдинов
_bГ. Х.
701 1 _aСамойлова
_bЛ. Б.
_gЛюдмила Борисовна
801 0 _aRU
_bNLR
_gpsbo
801 1 _aRU
_bELAR
_2rusmarc
852 _aNLR
_j90-4/4726
942 _cBOOK
980 _aNB